ՀՀ Գիտությունների ազգային ակադեմիայի հիմնարար գիտական գրադարան  =   Fundamental Scientific Library of NAS RA

Соя на Дальнем Востоке / (Record no. 515578)

MARC details
000 -LEADER
fixed length control field 00895nam a2200217 a 4500
001 - CONTROL NUMBER
control field 000907399
003 - CONTROL NUMBER IDENTIFIER
control field AM-YEHGA
005 - DATE AND TIME OF LATEST TRANSACTION
control field 20250617163950.0
008 - FIXED-LENGTH DATA ELEMENTS--GENERAL INFORMATION
fixed length control field 120721s1962 ru r 000 0 rus d
040 ## - CATALOGING SOURCE
Original cataloging agency AM-YeHGA
041 0# - LANGUAGE CODE
Language code of text/sound track or separate title rus
090 ## - LOCALLY ASSIGNED LC-TYPE CALL NUMBER (OCLC); LOCAL CALL NUMBER (RLIN)
-- 519119
100 1# - MAIN ENTRY--PERSONAL NAME
Personal name Золотницкий, Всеволод Александрович
245 10 - TITLE STATEMENT
Title Соя на Дальнем Востоке /
Statement of responsibility, etc. В.А. Золотницкий; Под ред. : Е.А. Старостина.
260 ## - PUBLICATION, DISTRIBUTION, ETC.
Place of publication, distribution, etc. Хабаровск :
Name of publisher, distributor, etc. Хабаровск. кн. изд-во,
Date of publication, distribution, etc. 1962.
300 ## - PHYSICAL DESCRIPTION
Extent 248 с. :
Other physical details 1 вкл. слож. л. карта, рис., табл. ;
Dimensions 20 см.
504 ## - BIBLIOGRAPHY, ETC. NOTE
Bibliography, etc. note Библиогр. в подстроч. примеч. : и с. 239-247
650 14 - SUBJECT ADDED ENTRY--TOPICAL TERM
Topical term or geographic name entry element Бахчевые культуры
650 14 - SUBJECT ADDED ENTRY--TOPICAL TERM
Topical term or geographic name entry element Соя
Geographic subdivision Дальный Восток
700 1# - ADDED ENTRY--PERSONAL NAME
Personal name Старостин, Е.А.
Relator term ред.
Relationship edt
Holdings
Withdrawn status Lost status Damaged status Not for loan Collection Home library Current library Date acquired Total checkouts Full call number Barcode Date last seen Price effective from Koha item type Public note
        General Fundamental Scientific Library Fundamental Scientific Library 16/09/2021   РII/61826 FL0657856 16/09/2021 16/09/2021 Գրքեր / Books 30 Days Loan


ՀՀ ԳԱԱ հիմնարար գիտական գրադարան
ՀՀ,Երևան 0019
Մարշալ Բաղրամյան 24/6
հեռախոս:(374-10) 52-47-50
Հետադարձ կապ

All site content, except where otherwise noted, is licensed under a
Creative Commons License